000 00455nam a2200181Ia 4500
008 240925s9999 xx 000 0 und d
020 _a850316774
082 _a796.44 JAM
100 _aJames ,C.L. R.
245 0 _aCricket
250 _aNA
260 _aLondon:
_bAllison &Busby
_c,1986.
300 _axii,211p.
_bn.a
_fOriginal
500 _aIncludes Index
600 _aHumanities & Natural Science
650 _aArts and Recreation
942 _cBK
999 _c12003
_d12003